000
00282nam a22001337a 4500
008
170309b xxu||||| |||| 00| 0 eng d
020
_a
0721643833
041
_a
eng
080
_a
611
100
_a
6
101
_a
SHM
245
_a
BASIC HUMAN PHYSIOLOGY
_c
GUYTON
942
_2
udc
_c
BK
999
_c
7333
_d
7333